000 00461nam a22001697a 4500
005 20230116095519.0
008 220210b ||||| |||| 00| 0 eng d
020 _a978-93-80725-47-5
041 _aeng
082 _a612
100 _aHADKAR,DR.U.B
_94901
245 _aA HANDBOOK OF PRACTICAL PHYSICAL PHARMACY AND PRACTICAL PHYSICAL PHARMACEUTICS
260 _aPUNE
_bNIRALI PRAKASHAN
300 _a145;p
650 _aPHARMACY
_xB.PHARMA
_97083
942 _cBK
999 _c7906
_d7904